[Event "Rated Blitz game"]
[Site "?"]
[Date "2021.04.02"]
[Round "?"]
[White "adnan_nn"]
[Black "Alexandr_KhleBovich"]
[Result "1/2-1/2"]
[WhiteElo "2515"]
[BlackElo "2657"]
[PlyCount "154"]
[EventDate "2021.??.??"]
[EventType "blitz"]

1. e4 e5 2. Nf3 d5 3. exd5 e4 4. Qe2 Nf6 5. d3 Qxd5 6. Nbd2 Be7 7. dxe4 Qh5 8.
Qb5+ Nc6 9. Qxh5 Nxh5 10. c3 O-O 11. Bb5 Bd7 12. O-O a6 13. Ba4 Nf4 14. Re1 Nd3
15. Re3 Nxc1 16. Rxc1 b5 17. Bb3 Na5 18. Ne5 Nxb3 19. axb3 Be6 20. b4 c5 21.
bxc5 Bxc5 22. Rd3 Rfd8 23. Ra1 f6 24. Rxd8+ Rxd8 25. Nef3 Rd6 26. Kf1 g5 27. e5
fxe5 28. Ne4 Bc4+ 29. Kg1 Rc6 30. Nxe5 Rc7 31. Nxc4 bxc4 32. Nxg5 Rb7 33. Ne4
Be7 34. Ra2 a5 35. g3 Rb5 36. f3 h5 37. Kf2 h4 38. Ke3 hxg3 39. hxg3 Rd5 40.
Ra3 Bxa3 41. Nf6+ Kf7 42. Nxd5 Bxb2 43. Kd4 Ke6 44. Kxc4 Kd6 45. Nb6 Kc6 46.
Na4 Bc1 47. f4 Be3 48. Nb2 Bc1 49. Nd3 Be3 50. g4 a4 51. g5 a3 52. Kb3 Kd5 53.
c4+ Ke4 54. g6 Bd4 55. c5 Kxd3 56. c6 a2 57. Kxa2 Bb6 58. c7 Bxc7 59. g7 Bxf4
60. g8=Q Be5 61. Qe6 Bd4 62. Qh3+ Be3 63. Qg2 Kd4 64. Kb3 Kd3 65. Qf3 Kd4 66.
Kc2 Bg5 67. Qe2 Bf4 68. Qd3+ Ke5 69. Kb3 Bg5 70. Qc4 Bf4 71. Ka4 Kf5 72. Kb5
Ke5 73. Kc6 Kf5 74. Qd5+ Kg4 75. Kd7 Be3 76. Ke6 Bf4 77. Qe4 Kg3 {Time forfeit}
1/2-1/2

[Event "Rated Classical game"]
[Site "?"]
[Date "2021.04.02"]
[Round "?"]
[White "Brian67"]
[Black "NasirAydin"]
[Result "0-1"]
[WhiteElo "2557"]
[BlackElo "2334"]
[PlyCount "120"]
[EventDate "2021.??.??"]

1. e4 e5 2. Nf3 d5 3. Nxe5 Bd6 4. d4 dxe4 5. Bc4 Bxe5 6. dxe5 Qxd1+ 7. Kxd1 Nc6
8. Bf4 Nge7 9. Nc3 Bf5 10. Kc1 Ng6 11. Be3 Ngxe5 12. Bb5 O-O-O 13. b3 Nd4 14.
Kb2 Nxb5 15. Nxb5 a6 16. Nc3 Ng4 17. Rad1 Nxe3 18. fxe3 Bg6 19. Kc1 f5 20. Rhf1
h5 21. h4 Bh7 22. Ne2 Rhg8 23. Nf4 g6 24. Rh1 Rxd1+ 25. Kxd1 Rd8+ 26. Ke2 a5
27. Ne6 Rd6 28. Nf4 Bg8 29. Rd1 Rxd1 30. Kxd1 Bf7 31. Kd2 Kd7 32. Kc3 b5 33. a3
c5 34. b4 cxb4+ 35. axb4 a4 36. Ne2 a3 37. Nf4 Ke7 38. Nh3 Kf6 39. Ng5 Bc4 40.
Nh3 Bg8 41. g3 Bc4 42. Ng5 Bf7 43. Nh3 f4 44. Nxf4 Kf5 45. Nh3 Kg4 46. Ng5 Bd5
47. Nh7 Kf3 48. Nf6 Bc4 49. Nd7 Kxe3 50. Ne5 Kf2 51. Nxg6 e3 52. Nf4 Kxg3 53.
Ne2+ Bxe2 54. Kb3 Bc4+ 55. Kxa3 e2 56. c3 e1=Q 57. Kb2 Kxh4 58. Kc2 Kg4 59. Kb2
Qd1 60. Ka3 Qb3# {Normal} 0-1

[Event "Rated Blitz game"]
[Site "?"]
[Date "2021.04.02"]
[Round "?"]
[White "CILGINAT"]
[Black "DarthZannah"]
[Result "0-1"]
[WhiteElo "2384"]
[BlackElo "2466"]
[PlyCount "43"]
[EventDate "2021.??.??"]
[EventType "blitz"]

1. e4 e5 2. Nf3 d5 3. exd5 e4 4. Qe2 Nf6 5. Nc3 Be7 6. Nxe4 O-O 7. c4 c6 8.
dxc6 Nxc6 9. d3 Bg4 10. Be3 Nxe4 11. dxe4 Bb4+ 12. Bd2 Nd4 13. Qd1 Nxf3+ 14.
gxf3 Bxf3 15. Qc2 Bxd2+ 16. Qxd2 Qxd2+ 17. Kxd2 Bxh1 18. Ke3 f5 19. f3 fxe4 20.
fxe4 Rae8 21. Bd3 Bf3 22. Rf1 {Normal} 0-1

[Event "Rated Rapid game"]
[Site "?"]
[Date "2021.04.02"]
[Round "?"]
[White "Amateur2500"]
[Black "sepultura123"]
[Result "0-1"]
[WhiteElo "2428"]
[BlackElo "2378"]
[PlyCount "82"]
[EventDate "2021.??.??"]
[EventType "rapid"]

1. e4 e5 2. Nf3 d5 3. exd5 e4 4. Qe2 Nf6 5. d3 Qxd5 6. Nfd2 Nc6 7. Nc3 Qa5 8.
Ndxe4 Nxe4 9. Qxe4+ Be6 10. g3 Bb4 11. Bd2 O-O-O 12. Bg2 Rd4 13. Qe3 Re8 14.
O-O Bd7 15. Bxc6 Rxe3 16. fxe3 Rd6 17. Bxd7+ Rxd7 18. a3 Bf8 19. b4 Qh5 20. e4
f6 21. Rf5 Qg6 22. Raf1 Bd6 23. Nd5 c6 24. Nf4 Qe8 25. b5 cxb5 26. Rxb5 Rc7 27.
c4 Bxa3 28. Nd5 Rc5 29. Rb3 Rxd5 30. cxd5 Bc5+ 31. Kg2 Qa4 32. Rc3 b6 33. Be3
Kd7 34. Bxc5 bxc5 35. Rfc1 Qd4 36. Kf3 f5 37. Rb3 g5 38. Rc4 fxe4+ 39. Kg2 Qxd5
40. Kf2 exd3 41. Rcc3 d2 {Normal} 0-1

[Event "Rated Blitz game"]
[Site "?"]
[Date "2021.04.02"]
[Round "?"]
[White "Passdar"]
[Black "melanger"]
[Result "0-1"]
[WhiteElo "2466"]
[BlackElo "2302"]
[PlyCount "112"]
[EventDate "2021.??.??"]
[EventType "blitz"]

1. e4 e5 2. Nf3 d5 3. exd5 e4 4. Qe2 Nf6 5. d3 Qxd5 6. Nbd2 Nc6 7. Nxe4 Be6 8.
Nfg5 O-O-O 9. Nxe6 Qxe6 10. Nxf6 Qxf6 11. c3 Bd6 12. d4 Rhe8 13. Be3 Bf4 14.
O-O-O Bxe3+ 15. fxe3 Qe6 16. g3 Qxa2 17. Bg2 Na5 18. Qb5 c6 19. Qb4 Rxe3 20.
Rhe1 Rde8 21. Rxe3 Rxe3 22. Qd6 Qa1+ 23. Kc2 Re2+ 24. Rd2 Rxd2+ 25. Kxd2 Qxb2+
26. Kd3 Qxg2 27. Qf8+ Kc7 28. Qe7+ Kb6 29. Qxf7 Qd5 30. Qxg7 Qf5+ 31. Kd2 Nc4+
32. Ke2 Qe4+ 33. Kf2 Qe3+ 34. Kg2 Qe2+ 35. Kh3 Qh5+ 36. Kg2 Qf5 37. h4 a5 38.
g4 Qd5+ 39. Kg3 Qd6+ 40. Kf3 Qg6 41. Qxg6 hxg6 42. h5 gxh5 43. gxh5 Nd6 44. h6
Nf7 45. h7 a4 46. Ke4 a3 47. Kd3 a2 48. Kc2 a1=Q 49. Kd3 Qb2 50. Kc4 Qa2+ 51.
Kd3 Qd5 52. Kc2 Kb5 53. Kd3 Qc4+ 54. Kc2 Ka4 55. Kb2 Qe2+ 56. Kb1 Kb3 {Time
forfeit} 0-1

[Event "Rated Blitz game"]
[Site "?"]
[Date "2021.04.02"]
[Round "?"]
[White "VuskyM"]
[Black "Dzon_Vejn"]
[Result "1-0"]
[WhiteElo "2343"]
[BlackElo "2445"]
[PlyCount "87"]
[EventDate "2021.??.??"]
[EventType "blitz"]

1. e4 e5 2. Nf3 d5 3. Nxe5 Bd6 4. d4 dxe4 5. Nc4 Be7 6. Be3 Nf6 7. Nc3 O-O 8.
Be2 Bf5 9. h3 Bg6 10. Qd2 c6 11. Bg5 Nbd7 12. Rd1 Qc7 13. Bf4 Qd8 14. Nd6 b6
15. O-O Nb8 16. Nc4 Nd5 17. Bh2 f5 18. Nxd5 cxd5 19. Ne5 Be8 20. c4 dxc4 21.
Bxc4+ Kh8 22. f3 exf3 23. Rxf3 Bd6 24. Rdf1 g6 25. Bd5 Nc6 26. Bxc6 Bxc6 27.
Nxc6 Bxh2+ 28. Kxh2 Qd6+ 29. Ne5 Kg7 30. Qg5 Qxd4 31. Nd3 Rae8 32. Nf4 Qxb2 33.
Nh5+ Kh8 34. Ng3 Qe5 35. R3f2 Qc7 36. Rd2 Kg7 37. Rfd1 Rf7 38. h4 Qe7 39. Qxe7
Rexe7 40. h5 g5 41. Rd5 Kf8 42. Nxf5 Re8 43. Nd6 Rd7 44. Nxe8 {Normal} 1-0

[Event "Rated Blitz game"]
[Site "?"]
[Date "2021.04.02"]
[Round "?"]
[White "Shtykov_Maxim"]
[Black "jsequera"]
[Result "0-1"]
[WhiteElo "2368"]
[BlackElo "2480"]
[PlyCount "70"]
[EventDate "2021.??.??"]
[EventType "blitz"]

1. e4 e5 2. Nf3 d5 3. Nxe5 Bd6 4. d4 dxe4 5. Be2 Bxe5 6. dxe5 Qxd1+ 7. Bxd1 Nc6
8. Nc3 Bf5 9. Bf4 Nge7 10. e6 fxe6 11. Bxc7 Nd5 12. Nxd5 exd5 13. O-O O-O 14.
c3 Rac8 15. Bf4 d4 16. cxd4 Be6 17. Be3 Nb4 18. a3 Nd3 19. b4 Bd5 20. Be2 Rc2
21. Bxd3 exd3 22. Rfd1 Bc4 23. Rd2 Rc8 24. Rxc2 dxc2 25. f3 Be2 26. Kf2 Bd1 27.
Ke1 Kf7 28. Kd2 Ke6 29. d5+ Kxd5 30. Bxa7 Kc4 31. Kc1 Kb3 32. Bd4 Rd8 33. Be3
Be2 34. Bd2 Bd3 35. a4 Re8 {Time forfeit} 0-1

[Event "Rated Blitz game"]
[Site "?"]
[Date "2021.04.02"]
[Round "?"]
[White "adrianrdosina"]
[Black "anjaya01"]
[Result "0-1"]
[WhiteElo "2359"]
[BlackElo "2427"]
[PlyCount "78"]
[EventDate "2021.??.??"]
[EventType "blitz"]

1. e4 e5 2. Nf3 d5 3. Nxe5 Bd6 4. d4 dxe4 5. Nc3 Bxe5 6. dxe5 Qxd1+ 7. Kxd1 Nc6
8. Bb5 Bg4+ 9. Ke1 O-O-O 10. Bxc6 bxc6 11. Be3 f5 12. h3 Bh5 13. g4 fxg4 14.
Nxe4 gxh3 15. Rxh3 Bg6 16. Nc5 Ne7 17. Bg5 Rd5 18. Bxe7 Rxe5+ 19. Re3 Rxe3+ 20.
fxe3 Re8 21. Bg5 Re5 22. Rd1 Rxg5 23. b4 Bxc2 24. Rd2 Bf5 25. e4 Bh3 26. Rf2
Rg1+ 27. Ke2 Rg2 28. Rxg2 Bxg2 29. Ke3 Kd8 30. Kf4 Ke7 31. e5 Bd5 32. a4 h6 33.
Kf5 Bf7 34. e6 Bh5 35. a5 Be8 36. a6 g5 37. Nd3 c5 38. Nxc5 Bb5 39. Kg6 g4 {
Normal} 0-1

[Event "Rated Blitz game"]
[Site "?"]
[Date "2021.04.02"]
[Round "?"]
[White "electrochesss"]
[Black "KamranShirazi"]
[Result "0-1"]
[WhiteElo "2446"]
[BlackElo "2508"]
[PlyCount "106"]
[EventDate "2021.??.??"]
[EventType "blitz"]

1. e4 e5 2. Nf3 d5 3. Nxe5 Bd6 4. d4 dxe4 5. Nc3 Bxe5 6. dxe5 Qxd1+ 7. Nxd1 Nc6
8. Bf4 Nd4 9. Ne3 Bd7 10. O-O-O Ne6 11. Bg3 O-O-O 12. Bc4 Ne7 13. Rhe1 h5 14.
h4 g5 15. Nd5 Nf5 16. Rxe4 Nxg3 17. fxg3 gxh4 18. gxh4 b5 19. Be2 Kb7 20. Bf3
Bc6 21. Rb4 a5 22. Rb3 Nc5 23. Rc3 Na4 24. Re3 Rhe8 25. Nc3 Rxd1+ 26. Nxd1 Bxf3
27. gxf3 Rg8 28. e6 fxe6 29. Rxe6 Rg3 30. Re5 c6 31. Rxh5 Rxf3 32. Rg5 Rh3 33.
h5 Rh1 34. Kd2 Rh2+ 35. Kc1 Rh1 36. Kd2 Kb6 37. b3 Nc5 38. Ke2 Rh2+ 39. Ke1
Rxc2 40. Nf2 Rxf2 41. Kxf2 Ne4+ 42. Kf3 Nxg5+ 43. Kf4 Nf7 44. Kf5 c5 45. Kf6 c4
46. Kxf7 c3 47. h6 c2 48. h7 c1=Q 49. h8=Q Qc7+ 50. Kg6 Qg3+ 51. Kf5 Qf3+ 52.
Ke5 Qc3+ 53. Kd5 Qxh8 {Time forfeit} 0-1

[Event "Rated Blitz game"]
[Site "?"]
[Date "2021.04.02"]
[Round "?"]
[White "Blagotinsek"]
[Black "pasha1984"]
[Result "1-0"]
[WhiteElo "2342"]
[BlackElo "2404"]
[PlyCount "41"]
[EventDate "2021.??.??"]
[EventType "blitz"]

1. e4 e5 2. Nf3 d5 3. Nxe5 dxe4 4. d4 Bd6 5. Nc4 Nc6 6. Nxd6+ Qxd6 7. Be3 Nf6
8. h3 Nd5 9. Bg5 h6 10. Bc1 e3 11. Bxe3 Nxe3 12. fxe3 Qg3+ 13. Kd2 O-O 14. Qf3
Qd6 15. Nc3 a6 16. Rd1 b5 17. Ne4 Qb4+ 18. Kc1 Bb7 19. Qg3 Na5 20. Nc5 Bd5 21.
a3 {Normal} 1-0

[Event "Rated Blitz game"]
[Site "?"]
[Date "2021.04.02"]
[Round "?"]
[White "LifooJunior"]
[Black "annaly1979"]
[Result "1-0"]
[WhiteElo "2453"]
[BlackElo "2326"]
[PlyCount "55"]
[EventDate "2021.??.??"]
[EventType "blitz"]

1. e4 e5 2. Nf3 d5 3. Nc3 dxe4 4. Nxe4 f5 5. Neg5 e4 6. Bc4 exf3 7. Bf7+ Kd7 8.
Qxf3 Qxg5 9. d4 Qe7+ 10. Be3 Qxf7 11. O-O-O Bd6 12. c4 f4 13. c5 fxe3 14. Qxf7+
Be7 15. Qxg7 Nc6 16. d5 Nb4 17. d6 cxd6 18. Rxd6+ Kc7 19. Qxh8 Nxa2+ 20. Kb1
Bf6 21. Rxf6 Nxf6 22. Qxf6 Nb4 23. Qf4+ Kc6 24. Qxb4 Bf5+ 25. Ka2 Re8 26. Qa4+
b5 27. cxb6+ Kd6 28. Qxe8 {Normal} 1-0

[Event "Rated Blitz game"]
[Site "?"]
[Date "2021.04.02"]
[Round "?"]
[White "ser_dedekind"]
[Black "Schachelite"]
[Result "0-1"]
[WhiteElo "2465"]
[BlackElo "2469"]
[PlyCount "82"]
[EventDate "2021.??.??"]
[EventType "blitz"]

1. e4 e5 2. Nf3 d5 3. d4 dxe4 4. Nxe5 Bd6 5. Bc4 Bxe5 6. dxe5 Qxd1+ 7. Kxd1 Nc6
8. Be3 Nge7 9. Nc3 Bg4+ 10. Be2 O-O-O+ 11. Ke1 Bxe2 12. Kxe2 Nxe5 13. Nxe4 Rhe8
14. Rad1 Nd5 15. Rd4 Nxe3 16. Rxd8+ Kxd8 17. Kxe3 f5 18. Nc5 Nd7+ 19. Kd4 Nxc5
20. Kxc5 Re2 21. Rd1+ Ke7 22. c4 Rxb2 23. Re1+ Kf6 24. f4 Rxg2 25. a4 Rxh2 26.
Re8 Ra2 27. Rc8 Rxa4 28. Rxc7 b6+ 29. Kd4 Ra5 30. Rc6+ Kf7 31. Rc7+ Kg6 32. Rb7
h5 33. Rb8 Kh7 34. Re8 h4 35. Re3 Kh6 36. Re6+ g6 37. Re8 Kh5 38. Ke3 h3 39.
Kf3 Ra3+ 40. Kf2 Kg4 41. Rh8 Kxf4 {Normal} 0-1

[Event "Rated Blitz game"]
[Site "?"]
[Date "2021.04.02"]
[Round "?"]
[White "jshutzman"]
[Black "Schachelite"]
[Result "0-1"]
[WhiteElo "2486"]
[BlackElo "2480"]
[PlyCount "120"]
[EventDate "2021.??.??"]
[EventType "blitz"]

1. e4 e5 2. Nf3 d5 3. exd5 e4 4. Qe2 Nf6 5. d3 Qxd5 6. dxe4 Qxe4 7. Qxe4+ Nxe4
8. Nbd2 Bb4 9. c3 Nxd2 10. Bxd2 Bd6 11. O-O-O Nc6 12. Re1+ Ne7 13. Bc4 O-O 14.
Bg5 Re8 15. Ne5 Bxe5 16. Rxe5 Kf8 17. Bxe7+ Rxe7 18. Rxe7 Kxe7 19. Re1+ Kf8 20.
f4 Bd7 21. g3 Bc6 22. b4 Re8 23. Rxe8+ Kxe8 24. Kd2 Ke7 25. Ke3 f6 26. Kd4 b6
27. Bd5 Be8 28. c4 h6 29. c5 Bb5 30. Be4 Bf1 31. Kd5 Bb5 32. a3 Ba4 33. Bd3 Kd7
34. cxb6 Bc6+ 35. Kd4 cxb6 36. Be4 Ba4 37. Bd5 Kd6 38. Bc4 Bd7 39. Bd5 Be8 40.
Bc4 Bc6 41. Bb3 a5 42. Bc4 Bd7 43. Bd5 g5 44. Bc4 h5 45. h4 gxh4 46. gxh4 Bg4
47. Bd5 Bd1 48. Bc4 Kc6 49. bxa5 bxa5 50. Bd3 Kd6 51. Bc4 Bg4 52. Bd5 a4 53.
Bc4 Bd7 54. Bd5 Be8 55. Bc4 Bg6 56. Bb5 Bc2 57. Bc4 Bd1 58. Bd5 Bb3 59. Bxb3
axb3 60. Kc3 b2 {Time forfeit} 0-1

[Event "Rated Blitz game"]
[Site "?"]
[Date "2021.04.02"]
[Round "?"]
[White "paur9"]
[Black "anjaya01"]
[Result "0-1"]
[WhiteElo "2328"]
[BlackElo "2439"]
[PlyCount "56"]
[EventDate "2021.??.??"]
[EventType "blitz"]

1. e4 e5 2. Nf3 d5 3. Nxe5 Bd6 4. d4 dxe4 5. f4 exf3 6. Nxf3 Nf6 7. Bd3 O-O 8.
O-O Bg4 9. c3 c5 10. Bg5 cxd4 11. cxd4 Nbd7 12. Nbd2 a6 13. Ne4 Be7 14. Nxf6+
Nxf6 15. Be3 b5 16. Rc1 Nd5 17. Bf2 Bf6 18. a3 Nf4 19. Be4 Rc8 20. Qd2 Rxc1 21.
Rxc1 Bxf3 22. Qxf4 Bxe4 23. Qxe4 Re8 24. Qg4 h5 25. Qxh5 Bxd4 26. Rf1 Bxf2+ 27.
Rxf2 Re1+ 28. Rf1 Qd4+ {Normal} 0-1

[Event "Rated Blitz game"]
[Site "?"]
[Date "2021.04.02"]
[Round "?"]
[White "I_Will_Die_Today"]
[Black "DarthZannah"]
[Result "0-1"]
[WhiteElo "2352"]
[BlackElo "2460"]
[PlyCount "40"]
[EventDate "2021.??.??"]
[EventType "blitz"]

1. e4 e5 2. Nf3 d5 3. d4 dxe4 4. Nxe5 Nd7 5. Bc4 Nxe5 6. dxe5 Qxd1+ 7. Kxd1
Bg4+ 8. Ke1 O-O-O 9. Nc3 Bb4 10. Bd2 f5 11. h3 Bh5 12. Be6+ Kb8 13. Bxf5 Re8
14. g4 Rxe5 15. a3 Bd6 16. Ke2 Rxf5 17. Bh6 Nxh6 18. Nd5 Rxd5 19. c4 Re5 20. c5
Rxc5 {Time forfeit} 0-1

[Event "Rated Blitz game"]
[Site "?"]
[Date "2021.04.02"]
[Round "?"]
[White "RegisI"]
[Black "anjaya01"]
[Result "0-1"]
[WhiteElo "2285"]
[BlackElo "2419"]
[PlyCount "64"]
[EventDate "2021.??.??"]
[EventType "blitz"]

1. e4 e5 2. Nf3 d5 3. Nxe5 Bd6 4. d4 dxe4 5. Bc4 Bxe5 6. Bxf7+ Kxf7 7. Qh5+ g6
8. Qxe5 Nf6 9. Bg5 Nc6 10. Qxf6+ Qxf6 11. Bxf6 Kxf6 12. c3 Be6 13. Nd2 Rhe8 14.
Nxe4+ Kg7 15. O-O Bxa2 16. Nc5 Bc4 17. Rfe1 b6 18. Nd7 a5 19. f4 Rad8 20. Ne5
Nxe5 21. fxe5 Kf7 22. Kf2 Ke6 23. Ke3 Kd5 24. Ra3 Rf8 25. b3 Bf1 26. g3 Bg2 27.
Re2 Rf3+ 28. Kd2 Bf1 29. Re1 Rdf8 30. Raa1 Rd3+ 31. Kc2 Rf2+ 32. Kb1 Rxc3 {
Normal} 0-1

[Event "Rated Blitz game"]
[Site "?"]
[Date "2021.04.02"]
[Round "?"]
[White "Lopez1000"]
[Black "Razario90"]
[Result "1-0"]
[WhiteElo "2383"]
[BlackElo "2401"]
[PlyCount "67"]
[EventDate "2021.??.??"]
[EventType "blitz"]

1. e4 e5 2. Nf3 d5 3. exd5 e4 4. Ne5 Qxd5 5. d4 exd3 6. Nxd3 Nf6 7. Nc3 Qd8 8.
Bg5 Be7 9. Be2 O-O 10. O-O Nc6 11. Qd2 Bf5 12. Qf4 Bg6 13. Rad1 Nd5 14. Nxd5
Bxg5 15. Qc4 Qd6 16. f4 Bxd3 17. Rxd3 Bf6 18. Rfd1 Rad8 19. Bh5 Kh8 20. c3 Bh4
21. Qe4 Qc5+ 22. Kh1 Rde8 23. Qf3 Bd8 24. h3 Ne7 25. Ne3 c6 26. b4 Qb5 27. Bxf7
Rxf7 28. Rxd8 Rff8 29. Rxe8 Rxe8 30. Ng4 Nf5 31. Ne5 h6 32. Qh5 Nd6 33. Qg6
Rxe5 34. fxe5 {Time forfeit} 1-0

[Event "Rated Blitz game"]
[Site "?"]
[Date "2021.04.02"]
[Round "?"]
[White "Morphychess2000"]
[Black "Razario90"]
[Result "1/2-1/2"]
[WhiteElo "2299"]
[BlackElo "2400"]
[PlyCount "115"]
[EventDate "2021.??.??"]
[EventType "blitz"]

1. e4 e5 2. Nf3 d5 3. d4 dxe4 4. Nxe5 Qe7 5. Bc4 Be6 6. Bxe6 Qxe6 7. Nc3 Nf6 8.
Bg5 Bb4 9. O-O Bxc3 10. bxc3 Nbd7 11. Nxd7 Nxd7 12. f4 f5 13. Qh5+ Qf7 14. Qh3
c6 15. Rae1 O-O 16. g4 Rae8 17. Re3 Nb6 18. gxf5 Nd5 19. Rg3 Qxf5 20. Qxf5 Rxf5
21. c4 Nb6 22. c5 Nd5 23. c4 Nb4 24. Rb3 Nd3 25. Rxb7 e3 26. Bh4 e2 27. Rfb1
Rxf4 28. Bg3 Rf3 29. Kg2 Ref8 30. Rxa7 Rf1 31. Rbb7 R1f7 32. Rxf7 Rxf7 33. Rxf7
Kxf7 34. a4 Ke7 35. a5 Kd7 36. a6 Kc8 37. d5 cxd5 38. cxd5 Nxc5 39. a7 Kb7 40.
d6 Kxa7 41. Bf2 Kb7 42. Bxc5 e1=Q 43. Bf2 Qe4+ 44. Kh3 Qe6+ 45. Kg2 Qxd6 46.
Bg3 Qg6 47. h4 Qd3 48. Kh3 h5 49. Kg2 Qf5 50. Kh2 Qg4 51. Kg2 g5 52. Kf2 gxh4
53. Bxh4 Qxh4+ 54. Kf3 Qg4+ 55. Kf2 h4 56. Kf1 h3 57. Kf2 h2 58. Ke3 {Time
forfeit} 1/2-1/2

[Event "Rated Blitz game"]
[Site "?"]
[Date "2021.04.02"]
[Round "?"]
[White "scorpion1988"]
[Black "Schachelite"]
[Result "1-0"]
[WhiteElo "2469"]
[BlackElo "2490"]
[PlyCount "67"]
[EventDate "2021.??.??"]
[EventType "blitz"]

1. e4 e5 2. Nf3 d5 3. Nxe5 Bd6 4. d4 dxe4 5. Nc4 Nf6 6. Bg5 Be7 7. c3 O-O 8.
Ne3 b6 9. Nd2 Bb7 10. Be2 Nbd7 11. O-O c5 12. Nf5 cxd4 13. cxd4 Nd5 14. Nxe7+
Nxe7 15. Bc4 h6 16. Bh4 Qe8 17. Re1 Nf5 18. Bg3 Nxg3 19. hxg3 Kh7 20. Bb5 f5
21. Nc4 Qe7 22. Bxd7 Qxd7 23. Ne5 Qd5 24. Qh5 Rf6 25. Rad1 e3 26. f3 Qxa2 27.
Rxe3 Qxb2 28. d5 Rd8 29. d6 Rdxd6 30. Rxd6 Rxd6 31. Nf7 Qc1+ 32. Kh2 Rg6 33.
Re8 Qc7 34. Rh8# {Normal} 1-0

[Event "Rated Blitz game"]
[Site "?"]
[Date "2021.04.02"]
[Round "?"]
[White "MegatheriumGM"]
[Black "King_bg03"]
[Result "0-1"]
[WhiteElo "2274"]
[BlackElo "2451"]
[PlyCount "56"]
[EventDate "2021.??.??"]
[EventType "blitz"]

1. e4 e5 2. Nf3 d5 3. exd5 e4 4. Qe2 Nf6 5. Nc3 Be7 6. Nxe4 O-O 7. Nxf6+ Bxf6
8. d4 Re8 9. Be3 Qxd5 10. Qb5 Qd8 11. O-O-O Nc6 12. c3 a6 13. Qh5 g6 14. Qh6
Bg7 15. Qg5 f6 16. Qg3 Qd5 17. b3 Qa5 18. Kb2 b5 19. a3 Be6 20. b4 Qa4 21. Nd2
Qxd1 22. Qxc7 Rac8 23. Qd6 f5 24. d5 Nxb4 25. Qxb4 Bxc3+ 26. Qxc3 Rxc3 27. Kxc3
Rc8+ 28. Kb4 Qa4# {Normal} 0-1

[Event "Rated Blitz game"]
[Site "?"]
[Date "2021.04.02"]
[Round "?"]
[White "Kamaldaoudi"]
[Black "KamranShirazi"]
[Result "0-1"]
[WhiteElo "2364"]
[BlackElo "2502"]
[PlyCount "22"]
[EventDate "2021.??.??"]
[EventType "blitz"]

1. e4 e5 2. Nf3 d5 3. Nxe5 Bd6 4. d4 dxe4 5. Nc3 Bxe5 6. dxe5 Qxd1+ 7. Nxd1 Nc6
8. Bf4 Nd4 9. Ne3 Be6 10. O-O-O O-O-O 11. Bc4 Bxc4 {Normal} 0-1

[Event "Rated Blitz game"]
[Site "?"]
[Date "2021.04.02"]
[Round "?"]
[White "rafaelcientista"]
[Black "anjaya01"]
[Result "1-0"]
[WhiteElo "2271"]
[BlackElo "2427"]
[PlyCount "55"]
[EventDate "2021.??.??"]
[EventType "blitz"]

1. e4 e5 2. Nf3 d5 3. exd5 Bd6 4. Nc3 f5 5. Bb5+ Kf8 6. O-O Nf6 7. d4 e4 8. Ne5
a6 9. Be2 Nbd7 10. f4 Qe7 11. Be3 Kg8 12. h3 Nf8 13. g4 g6 14. g5 Nh5 15. Bxh5
gxh5 16. Qxh5 Bd7 17. h4 Be8 18. Qe2 Ng6 19. h5 Nh4 20. Kf2 Nf3 21. Rh1 b5 22.
Nxf3 exf3 23. Qxf3 b4 24. Ne2 Bb5 25. Ng3 Bd7 26. Rae1 h6 27. Bd2 Kh7 28. Rxe7+
{Normal} 1-0

[Event "Rated Blitz game"]
[Site "?"]
[Date "2021.04.02"]
[Round "?"]
[White "JorgeHerreraBuga"]
[Black "Dzon_Vejn"]
[Result "0-1"]
[WhiteElo "2392"]
[BlackElo "2415"]
[PlyCount "52"]
[EventDate "2021.??.??"]
[EventType "blitz"]

1. e4 e5 2. Nf3 d5 3. exd5 e4 4. Qe2 Nf6 5. d3 Be7 6. dxe4 O-O 7. Nc3 Bb4 8.
Bg5 h6 9. Bxf6 Qxf6 10. Qc4 Na6 11. Qd4 Qe7 12. Bxa6 bxa6 13. O-O Rb8 14. Rfe1
Bc5 15. Qc4 Rb4 16. Qe2 Bg4 17. Rab1 Re8 18. h3 Bh5 19. a3 Rb6 20. Na4 Rf6 21.
Nxc5 Rxf3 22. gxf3 Qg5+ 23. Kh2 Qf4+ 24. Kh1 Bxf3+ 25. Qxf3 Qxf3+ 26. Kg1 Re5 {
Time forfeit} 0-1

[Event "Rated Blitz game"]
[Site "?"]
[Date "2021.04.02"]
[Round "?"]
[White "MatanLuka"]
[Black "blastol"]
[Result "1-0"]
[WhiteElo "2367"]
[BlackElo "2418"]
[PlyCount "111"]
[EventDate "2021.??.??"]
[EventType "blitz"]

1. e4 e5 2. Nf3 d5 3. exd5 Bd6 4. c4 e4 5. Nd4 f5 6. d3 Qe7 7. dxe4 fxe4 8. Nc3
Nf6 9. h3 O-O 10. Be3 c5 11. dxc6 Nxc6 12. Nxc6 bxc6 13. Qc2 Bf5 14. O-O-O Rab8
15. g4 Bg6 16. g5 Nh5 17. Bg2 Bf4 18. Rhe1 Qxg5 19. Bxe4 Rbe8 20. Bxg6 Bxe3+
21. fxe3 hxg6 22. Kb1 Rf3 23. Rg1 Qf5 24. e4 Qxh3 25. Rxg6 Nf4 26. Rxc6 Ng2 27.
Nd5 Qg4 28. Rg1 Rg3 29. Rc7 Qxe4 30. Qxe4 Rxe4 31. Rxa7 Rxc4 32. Ne7+ Kf8 33.
Nf5 Rd3 34. Nxg7 Rd2 35. Ne6+ Ke8 36. Rc1 Rxc1+ 37. Kxc1 Re2 38. Nd4 Re3 39.
Kd2 Rh3 40. b4 Nf4 41. Nc6 Rh2+ 42. Ke3 Nd5+ 43. Kd4 Nb6 44. a4 Rh6 45. b5 Rh4+
46. Kc5 Nxa4+ 47. Kd6 Rh6+ 48. Ke5 Nb6 49. Re7+ Kf8 50. Rb7 Nc4+ 51. Kd4 Nd6
52. Rb8+ Kf7 53. b6 Rh4+ 54. Kd5 Ne8 55. Ne5+ Ke7 56. Rb7+ {Time forfeit} 1-0

[Event "Rated Blitz tournament PEsvWRSY"]
[Site "?"]
[Date "2021.04.02"]
[Round "?"]
[White "MONSKY123"]
[Black "philip_simon_din"]
[Result "0-1"]
[WhiteElo "2431"]
[BlackElo "2249"]
[PlyCount "98"]
[EventDate "2021.??.??"]
[EventType "blitz"]

1. e4 e5 2. Nf3 d5 3. exd5 e4 4. Qe2 f5 5. Ne5 Qxd5 6. Qh5+ g6 7. Nxg6 Nf6 8.
Qh4 Rg8 9. Nxf8 Rxf8 10. Nc3 Qe6 11. b3 Nc6 12. Bb2 Bd7 13. Bc4 Qe7 14. a4 Ne5
15. Be2 O-O-O 16. O-O-O Be6 17. Kb1 Nd3 18. cxd3 Bxb3 19. Rc1 exd3 20. Bf3 Bc2+
21. Rxc2 dxc2+ 22. Kxc2 Rxd2+ 23. Kb1 Rfd8 24. Qc4 R8d4 25. Qb5 Rxb2+ 26. Qxb2
Rb4 27. Rd1 Rxb2+ 28. Kxb2 Qb4+ 29. Kc2 c6 30. Re1 Qd4 31. Re7 Qxf2+ 32. Kb3
Qb6+ 33. Kc2 Qc5 34. Rf7 Nd5 35. Bxd5 cxd5 36. Rxf5 Qc7 37. Rxd5 Qxh2 38. Rg5
h6 39. Rg7 h5 40. Nd5 h4 41. Ne7+ Kd7 42. Nf5+ Ke6 43. Ne3 h3 44. Rg6+ Kf7 45.
Rg5 Qc7+ 46. Kd3 h2 47. Rh5 Qd6+ 48. Ke2 Qg3 49. Rh7+ Kg6 {Time forfeit} 0-1

[Event "Rated Blitz game"]
[Site "?"]
[Date "2021.04.02"]
[Round "?"]
[White "VuskyM"]
[Black "Dzon_Vejn"]
[Result "1-0"]
[WhiteElo "2366"]
[BlackElo "2419"]
[PlyCount "59"]
[EventDate "2021.??.??"]
[EventType "blitz"]

1. e4 e5 2. Nf3 d5 3. exd5 e4 4. Ne5 Qxd5 5. d4 exd3 6. Nxd3 Bf5 7. Nc3 Qe6+ 8.
Be3 Nc6 9. Be2 O-O-O 10. O-O Nf6 11. h3 Bd6 12. Qc1 h6 13. Re1 Rhe8 14. Nf4 Qd7
15. Bb5 a6 16. Ba4 Bb4 17. Rd1 Qe7 18. Rxd8+ Rxd8 19. Bxc6 bxc6 20. Qf1 Kb7 21.
a3 Bc5 22. Re1 Bxe3 23. Rxe3 Qd6 24. Na4 Nd7 25. Nd3 Ka7 26. Nb4 Nb8 27. Rc3
Be4 28. Nc5 Qg6 29. f3 Bd5 30. Ncxa6 {Time forfeit} 1-0

[Event "Rated Blitz game"]
[Site "?"]
[Date "2021.04.02"]
[Round "?"]
[White "hbones"]
[Black "Dzon_Vejn"]
[Result "0-1"]
[WhiteElo "2399"]
[BlackElo "2406"]
[PlyCount "138"]
[EventDate "2021.??.??"]
[EventType "blitz"]

1. e4 e5 2. Nf3 d5 3. Nxe5 Bd6 4. d4 dxe4 5. Nc4 Be7 6. Nc3 Nf6 7. g3 Bg4 8.
Qd2 Bf3 9. Rg1 Nc6 10. d5 Nb4 11. Ne5 Nbxd5 12. Nxf3 exf3 13. Bc4 c6 14. Nxd5
Nxd5 15. Bxd5 cxd5 16. Qd3 Rc8 17. Bd2 O-O 18. O-O-O Bf6 19. Be3 Qa5 20. Kb1
Rfd8 21. Bd4 Bxd4 22. Qxd4 Rc4 23. Qd3 Rdc8 24. Qxd5 Qxd5 25. Rxd5 Rxc2 26.
Rgd1 g6 27. Rd8+ Kg7 28. Rxc8 Rxc8 29. Rd3 Re8 30. Rxf3 Re2 31. h4 h5 32. a3 b6
33. b4 f5 34. Kc1 Kf6 35. Kd1 Ra2 36. Ke1 Ke5 37. Rd3 a5 38. bxa5 bxa5 39. Rb3
a4 40. Rc3 Kd4 41. Re3 Rb2 42. Kd1 Rb3 43. Re6 Rxa3 44. Rxg6 Ra1+ 45. Kc2 Ra2+
46. Kb1 Rxf2 47. Rg5 Kc3 48. Rg8 a3 49. Rc8+ Kd4 50. Rh8 a2+ 51. Ka1 Ke4 52.
Rxh5 Rg2 53. Rh8 Rxg3 54. Kxa2 f4 55. h5 f3 56. h6 f2 57. Rf8 Rf3 58. Rxf3 Kxf3
59. h7 f1=Q 60. h8=Q Qe2+ 61. Kb3 Qe3+ 62. Kb4 Qe4+ 63. Kb5 Qe3 64. Kc6 Qf4 65.
Qc3+ Qe3 66. Qf6+ Qf4 67. Qg6 Qd4 68. Qg5 Qe4+ 69. Kd6 Qf4+ {Time forfeit} 0-1